01441nam a2200325 a 4500001001200000003000800012006001900020007001500039008004100054020001800095020002700113040002100140035002100161050002500182082001900207100001800226245009500244260004200339300007800381504007900459533015200538588009400690650006500784650004100849650003600890655002900926710001700955856012600972999001701098ebr10674811CaPaEBRm o u cr cn|||||||||150303s2013 enkado sb 001 0 eng d z9780470751848 z9781118502310 (e-book) aCaPaEBRcCaPaEBR a(OCoLC)84190870614aTK6553b.S214 2013eb04a621.3841/12231 aSalous, Sana.10aRadio propagation measurement and channel modellingh[electronic resource] /cSana Salous. aChichester, England :bWiley,cc2013. a1 online resource (xxi, 399 p.) :bill. (some col.), charts, photographs. aIncludes bibliographical references at the end of each chapters and index. aElectronic reproduction.bPalo Alto, Calif. :cebrary,d2015.nAvailable via World Wide Web.nAccess may be limited to ebrary affiliated libraries. aDescription based on online resource; title from title page (ebrary, viewed May 9, 2013). 0aShortwave radioxTransmitters and transmissionxMeasurement. 0aRadio wave propagationxMeasurement. 0aWireless communication systems. 7aElectronic books.2local2 aebrary, Inc.40uhttp://site.ebrary.com/lib/rucke/Doc?id=10674811zAn electronic book accessible through the World Wide Web; click to view c57258d57258